[Event "European Blitz Championship 2021"]
[Site "Katowice"]
[Date "2021.12.17"]
[Round "18.28"]
[White "Szwed, Jacek"]
[Black "Turski, Bartlomiej"]
[Result "1-0"]
[WhiteElo "2346"]
[BlackElo "2114"]
[Annotator "NA"]
[PlyCount "119"]
[EventDate "2021.12.17"]
[EventType "swiss"]
[EventCountry "POL"]
[SourceTitle "playchess.com"]
[Source "ChessBase"]
[SourceQuality "1"]

1. e4 c5 2. Nf3 Nc6 3. Bb5 g6 4. c3 Bg7 5. d4 cxd4 6. cxd4 a6 7. Bxc6 dxc6 8.
h3 Nf6 9. Nc3 O-O 10. O-O Qc7 11. Be3 Rd8 12. Qc2 Ne8 13. Na4 b5 14. Nc5 Nf6
15. Rac1 Nd7 16. b3 Nxc5 17. Qxc5 Bb7 18. Rc2 Rac8 19. Rfc1 Bf8 20. Qc3 Bg7 21.
Qc5 Bf8 22. Qe5 Qd7 23. Rc5 e6 24. R5c2 Bg7 25. Qf4 Qd6 26. Qh4 Rd7 27. Bg5 Rf8
28. Bf6 Bxf6 29. Qxf6 Qe7 30. Qf4 Rc8 31. Rc5 Rcd8 32. Qh6 Qf8 33. Qh4 Qe7 34.
Qg3 Qd6 35. Qg4 Qe7 36. h4 Kh8 37. h5 f5 38. Qf4 Qd6 39. Ne5 Rg7 40. h6 Re7 41.
exf5 exf5 42. Rd1 Qxc5 43. dxc5 Rxd1+ 44. Kh2 Rd5 45. Nf3 Bc8 46. Qb8 Rd8 47.
Qb6 Rde8 48. Qxc6 Kg8 49. Qf6 Bb7 50. Ng5 Be4 51. f3 Bb7 52. c6 Bc8 53. Qd6 a5
54. a4 bxa4 55. bxa4 Ra7 56. Qd4 Rae7 57. Nh3 Rc7 58. Nf4 g5 59. Nd5 Rxc6 60.
Qg7# 1-0

[Event "European Blitz Championship 2021"]
[Site "Katowice"]
[Date "2021.12.17"]
[Round "18.29"]
[White "Budrewicz, Krzysztof"]
[Black "Czerw, Dawid"]
[Result "1-0"]
[WhiteElo "2183"]
[BlackElo "2075"]
[Annotator "NA"]
[PlyCount "79"]
[EventDate "2021.12.17"]
[EventType "swiss"]
[EventCountry "POL"]
[SourceTitle "playchess.com"]
[Source "ChessBase"]
[SourceQuality "1"]

1. d4 d5 2. c4 c6 3. Nf3 Nf6 4. Nbd2 Bf5 5. Nh4 Bc8 6. g3 e6 7. Bg2 Be7 8. O-O
O-O 9. f4 Ng4 10. Ndf3 f5 11. h3 Nf6 12. Ne5 b6 13. Nhf3 Ne4 14. Kh2 Bb7 15.
Be3 Nd7 16. Rc1 Rc8 17. Nd2 Nxd2 18. Qxd2 Nf6 19. c5 bxc5 20. dxc5 a5 21. Bd4
Ba6 22. Rf3 Bb5 23. Qe1 Qc7 24. Ra3 a4 25. g4 fxg4 26. hxg4 Nxg4+ 27. Kg1 Rxf4
28. e3 Nxe5 29. exf4 Nd3 30. Qxe6+ Kh8 31. Be5 Qd8 32. Rcc3 Nxe5 33. fxe5 Qf8
34. Rf3 Bxc5+ 35. Kh1 Qd8 36. Rac3 Bd4 37. Rc2 Rc7 38. Qd6 Qh4+ 39. Bh3 Rc8 40.
Rf8+ 1-0

[Event "European Blitz Championship 2021"]
[Site "Katowice"]
[Date "2021.12.17"]
[Round "18.29"]
[White "Galuszka, Tomasz"]
[Black "Druckenthaner, Andreas"]
[Result "1-0"]
[WhiteElo "2181"]
[BlackElo "2346"]
[Annotator "NA"]
[PlyCount "79"]
[EventDate "2021.12.17"]
[EventType "swiss"]
[EventCountry "POL"]
[SourceTitle "playchess.com"]
[Source "ChessBase"]
[SourceQuality "1"]

1. e4 g6 2. d4 Bg7 3. Nc3 Nc6 4. Be3 d5 5. exd5 Nb4 6. Nf3 Nf6 7. Bc4 Nbxd5 8.
Nxd5 Nxd5 9. Bg5 h6 10. Bh4 Be6 11. O-O Ne3 12. Bb5+ c6 13. Bxc6+ bxc6 14. fxe3
O-O 15. b3 c5 16. c4 Bg4 17. Bf2 Qc7 18. Qe2 Rad8 19. Rad1 Bxf3 20. Qxf3 e5 21.
dxc5 Qxc5 22. Rxd8 Rxd8 23. Rd1 Rxd1+ 24. Qxd1 Kh7 25. e4 Qa5 26. Qc2 Bf8 27.
c5 Be7 28. g3 Qb5 29. c6 Qb8 30. c7 Qc8 31. Bxa7 f5 32. Bb6 f4 33. a4 h5 34. a5
h4 35. Qc3 hxg3 36. Qxe5 gxh2+ 37. Kxh2 Qf8 38. c8=Q Qxc8 39. Qxe7+ Kg8 40.
Qd8+ 1-0

[Event "European Blitz Championship 2021"]
[Site "Katowice"]
[Date "2021.12.17"]
[Round "18.30"]
[White "Grabarczyk, Miroslaw"]
[Black "Smolik, Jachym"]
[Result "1-0"]
[WhiteElo "2279"]
[BlackElo "2225"]
[Annotator "NA"]
[PlyCount "101"]
[EventDate "2021.12.17"]
[EventType "swiss"]
[EventCountry "POL"]
[SourceTitle "playchess.com"]
[Source "ChessBase"]
[SourceQuality "1"]

1. d4 Nf6 2. c4 e6 3. g3 d5 4. Bg2 Bb4+ 5. Bd2 Bd6 6. Nf3 c6 7. O-O O-O 8. Qc2
Nbd7 9. Bg5 h6 10. Bxf6 Nxf6 11. Nbd2 b5 12. c5 Bc7 13. e4 dxe4 14. Nxe4 Nxe4
15. Qxe4 Qd5 16. Qe3 Qd7 17. Ne5 Bxe5 18. dxe5 Bb7 19. Rad1 Qc7 20. Rd6 Rac8
21. Rfd1 Qa5 22. a3 b4 23. Ra1 Ba6 24. h4 Bc4 25. Bxc6 Bb5 26. Bxb5 Qxb5 27.
Rc1 bxa3 28. bxa3 f6 29. Rxe6 fxe5 30. Qxe5 Rf7 31. c6 Qb6 32. Qe3 Qc7 33. Re8+
Rf8 34. Rxc8 Rxc8 35. Qe6+ Kh8 36. Rd1 Kh7 37. Rd7 Qxc6 38. Qxc6 Rxc6 39. Rxa7
Kg6 40. Kg2 Kf6 41. g4 g5 42. h5 Rc4 43. Kg3 Rc3+ 44. f3 Rc1 45. Rh7 Ra1 46.
Rxh6+ Kg7 47. Rg6+ Kh7 48. Rxg5 Rxa3 49. Rb5 Kh6 50. Rb6+ Kg5 51. Rg6# 1-0

[Event "European Blitz Championship 2021"]
[Site "Katowice"]
[Date "2021.12.17"]
[Round "19"]
[White "Duda, Jan-Krzysztof"]
[Black "Klekowski, Maciej"]
[Result "0-1"]
[WhiteElo "2756"]
[BlackElo "2499"]
[Annotator "TA"]
[PlyCount "76"]
[EventDate "2021.12.17"]
[EventType "swiss"]
[EventCountry "POL"]
[SourceTitle "playchess.com"]
[Source "ChessBase"]
[SourceQuality "1"]

1. d4 Nf6 2. Nf3 e6 3. Bg5 d5 4. e3 Be7 5. Nbd2 b6 6. c3 Bb7 7. Bd3 Nbd7 8. O-O
h6 9. Bxf6 Nxf6 10. Ne5 O-O 11. f4 Nd7 12. Qh5 f5 13. Nxd7 Qxd7 14. Nf3 Qe8 15.
Qh3 a5 16. Rf2 c5 17. Kh1 Ba6 18. Bc2 cxd4 19. exd4 Bd6 20. Ne5 Bxe5 21. fxe5
Qg6 22. Rg1 Qg5 23. Qf3 b5 24. g3 b4 25. h4 Qe7 26. Qe3 bxc3 27. bxc3 Rac8 28.
Rc1 Qa3 29. Bd1 Rc7 30. Bh5 Bd3 31. Kh2 Be4 32. g4 f4 33. Qd2 g6 34. Rcf1 Rcf7
35. Bxg6 Bxg6 36. h5 Be4 37. Kh3 Rc8 38. Rc1 Rfc7 0-1

[Event "European Blitz Championship 2021"]
[Site "Katowice"]
[Date "2021.12.17"]
[Round "19"]
[White "Demchenko, Anton"]
[Black "Teclaf, Pawel"]
[Result "0-1"]
[WhiteElo "2655"]
[BlackElo "2543"]
[Annotator "RC"]
[PlyCount "108"]
[EventDate "2021.12.17"]
[EventType "swiss"]
[EventCountry "POL"]
[SourceTitle "playchess.com"]
[Source "ChessBase"]
[SourceQuality "1"]

1. e4 e6 2. d4 d5 3. Nd2 c5 4. exd5 Qxd5 5. dxc5 Nf6 6. Ngf3 Nc6 7. Bd3 Nb4 8.
Bc4 Qxc5 9. O-O Bd6 10. a3 Nbd5 11. b4 Qc7 12. Bb2 O-O 13. Bxd5 Nxd5 14. c4 Nf6
15. c5 Bf4 16. Bxf6 gxf6 17. Ne4 f5 18. Nf6+ Kh8 19. Nh5 Bh6 20. Re1 f6 21. Nd4
Qf7 22. Nb5 Bd7 23. Nd6 Qg6 24. Qf3 Bc6 25. Qh3 Rg8 26. g3 Bd5 27. Qh4 Bg5 28.
Qh3 Bf3 29. Rxe6 Bg4 30. Qg2 Qxh5 31. Qxb7 Raf8 32. Re7 Bf3 33. Rxh7+ Qxh7 34.
Qxf3 f4 35. Re1 f5 36. Kg2 Be7 37. Nc4 Bf6 38. Re6 Qf7 39. Qd5 fxg3 40. hxg3 f4
41. Nd6 Qh7 42. Ne4 fxg3 43. fxg3 Bg7 44. Ng5 Qc2+ 45. Kh3 Qf5+ 46. Qxf5 Rxf5
47. Ne4 Rf3 48. Ra6 Be5 49. Rxa7 Re3 50. Nd6 Rexg3+ 51. Kh4 R3g4+ 52. Kh5 R4g5+
53. Kh4 Bg3+ 54. Kh3 Bxd6 0-1

[Event "European Blitz Championship 2021"]
[Site "Katowice"]
[Date "2021.12.17"]
[Round "19"]
[White "Donchenko, Alexander"]
[Black "Lewtak, Damian"]
[Result "1-0"]
[WhiteElo "2645"]
[BlackElo "2203"]
[Annotator "RC"]
[PlyCount "88"]
[EventDate "2021.12.17"]
[EventType "swiss"]
[EventCountry "POL"]
[SourceTitle "playchess.com"]
[Source "ChessBase"]
[SourceQuality "1"]

1. Nf3 g6 2. d4 Bg7 3. g3 d6 4. Bg2 e5 5. dxe5 dxe5 6. Qxd8+ Kxd8 7. c4 f6 8.
Nc3 c6 9. b3 Bf8 10. Bb2 Be6 11. h4 h5 12. O-O-O+ Kc7 13. Bh3 Bxh3 14. Rxh3 Nd7
15. Rhh1 Rd8 16. Ne4 Be7 17. Ne1 Nh6 18. Ng2 Nc5 19. Nxc5 Bxc5 20. f4 Ng4 21.
fxe5 fxe5 22. Rxd8 Rxd8 23. Rf1 Kd7 24. Rf7+ Ke6 25. Rxb7 Ne3 26. Nxe3 Bxe3+
27. Kc2 Rd2+ 28. Kb1 Rxe2 29. Rg7 Kf5 30. Rf7+ Ke4 31. a4 Bd4 32. Bc1 Rg2 33.
b4 a6 34. b5 cxb5 35. axb5 axb5 36. cxb5 Rxg3 37. Ka2 Kd3 38. Rf6 Kc4 39. b6
Rb3 40. Rc6+ Kd5 41. Rxg6 Rxb6 42. Rg5 Kc4 43. Rxh5 Ra6+ 44. Kb1 Kb3 1-0

[Event "European Blitz Championship 2021"]
[Site "Katowice"]
[Date "2021.12.17"]
[Round "19"]
[White "Motylev, Alexander"]
[Black "Vetoshko, Volodymyr"]
[Result "1-0"]
[WhiteElo "2633"]
[BlackElo "2525"]
[Annotator "RC"]
[PlyCount "49"]
[EventDate "2021.12.17"]
[EventType "swiss"]
[EventCountry "POL"]
[SourceTitle "playchess.com"]
[Source "ChessBase"]
[SourceQuality "1"]

1. e4 c5 2. Nf3 e6 3. c3 d5 4. e5 d4 5. Bd3 Nc6 6. O-O Nh6 7. Be4 Bd7 8. h3 Nf5
9. d3 Be7 10. c4 Qc7 11. Re1 O-O-O 12. a3 Kb8 13. b4 cxb4 14. axb4 Bxb4 15. Bd2
Bc5 16. Na3 a6 17. Qb3 f6 18. Reb1 fxe5 19. Nxe5 Nd6 20. Bf4 Rhf8 21. Bg3 Kc8
22. Nb5 axb5 23. cxb5 Nxe4 24. Nxc6 Bxc6 25. Qxe6+ 1-0

[Event "European Blitz Championship 2021"]
[Site "Katowice"]
[Date "2021.12.17"]
[Round "19"]
[White "Durarbayli, Vasif"]
[Black "Bernadskiy, Vitaliy"]
[Result "1/2-1/2"]
[WhiteElo "2629"]
[BlackElo "2592"]
[Annotator "RC"]
[PlyCount "58"]
[EventDate "2021.12.17"]
[EventType "swiss"]
[EventCountry "POL"]
[SourceTitle "playchess.com"]
[Source "ChessBase"]
[SourceQuality "1"]

1. e4 c6 2. d4 d5 3. exd5 cxd5 4. c4 Nf6 5. Nc3 g6 6. cxd5 Bg7 7. Bc4 Nbd7 8.
d6 exd6 9. Qe2+ Qe7 10. Bf4 Qxe2+ 11. Ngxe2 Nb6 12. Bb3 Ke7 13. O-O-O d5 14.
Be5 Be6 15. Nf4 g5 16. Bxf6+ Bxf6 17. Nfxd5+ Nxd5 18. Bxd5 Rhd8 19. Rhe1 Rac8
20. Bxe6 fxe6 21. d5 Bxc3 22. Rxe6+ Kf7 23. bxc3 Rxc3+ 24. Kb2 Rc5 25. Rde1
Rdxd5 26. Re7+ Kg6 27. R1e6+ Kf5 28. Re2 Rb5+ 29. Kc3 Rbc5+ 1/2-1/2

[Event "European Blitz Championship 2021"]
[Site "Katowice"]
[Date "2021.12.17"]
[Round "19"]
[White "Balog, Imre"]
[Black "Janik, Igor"]
[Result "1-0"]
[WhiteElo "2573"]
[BlackElo "2508"]
[Annotator "ChessBase"]
[PlyCount "97"]
[EventDate "2021.12.17"]
[EventType "swiss"]
[EventCountry "POL"]
[SourceTitle "playchess.com"]
[Source "ChessBase"]
[SourceQuality "1"]

1. d4 Nf6 2. Nf3 e6 3. Bg5 d5 4. e3 Be7 5. c4 O-O 6. Nc3 Nbd7 7. Rc1 a6 8. Qc2
dxc4 9. Bxc4 b5 10. Bd3 Bb7 11. Bxf6 Nxf6 12. Ne4 Bxe4 13. Bxe4 Bb4+ 14. Ke2
Rb8 15. Rhd1 Bd6 16. Bc6 Qe7 17. Qc3 Rb6 18. h3 Rd8 19. Ne5 g6 20. Bf3 Bxe5 21.
dxe5 Ne8 22. Bc6 Ng7 23. g4 h5 24. Rxd8+ Qxd8 25. Bf3 hxg4 26. hxg4 c6 27. Bxc6
Rb8 28. Bf3 Qg5 29. Rd1 Ne8 30. Rd7 b4 31. Qd4 Rc8 32. Qf4 Qxf4 33. exf4 Kg7
34. Be4 Rc4 35. Ke3 Nc7 36. Bd3 Rc5 37. Rd6 Nd5+ 38. Kf3 a5 39. Be4 Nc7 40. Rc6
Rxc6 41. Bxc6 f6 42. Ke4 Kf7 43. Kd4 fxe5+ 44. fxe5 Ke7 45. Kc5 Na6+ 46. Kb5
Nb8 47. Kb6 Kd8 48. Bb5 Kc8 49. Kxa5 1-0

[Event "European Blitz Championship 2021"]
[Site "Katowice"]
[Date "2021.12.17"]
[Round "19"]
[White "Plat, Vojtech"]
[Black "Gumularz, Szymon"]
[Result "1-0"]
[WhiteElo "2548"]
[BlackElo "2533"]
[Annotator "ChessBase"]
[PlyCount "91"]
[EventDate "2021.12.17"]
[EventType "swiss"]
[EventCountry "POL"]
[SourceTitle "playchess.com"]
[Source "ChessBase"]
[SourceQuality "1"]

1. e4 c6 2. Nf3 d5 3. d3 dxe4 4. dxe4 Qxd1+ 5. Kxd1 Nf6 6. Nbd2 g6 7. Ne1 Bg7
8. f3 Be6 9. Nd3 Bh6 10. a4 Na6 11. c3 O-O-O 12. Kc2 Nd7 13. b4 f5 14. exf5
Bxf5 15. Ne4 Bxc1 16. Rxc1 Nc7 17. Re1 Nd5 18. Ng3 Rhe8 19. Nxf5 gxf5 20. g3 e6
21. Bg2 Kc7 22. f4 h5 23. Bf3 N5f6 24. Re2 Re7 25. Rhe1 Rde8 26. Ne5 Nxe5 27.
fxe5 Ng4 28. h3 Nh6 29. Bxh5 Rg8 30. Rg1 Reg7 31. g4 fxg4 32. hxg4 Nxg4 33. Rf1
Rg5 34. Bxg4 Rxg4 35. Rf7+ Kc8 36. Re7 R4g6 37. Rd2 R8g7 38. Re8+ Kc7 39. a5
Rf7 40. Rdd8 Rf2+ 41. Kb3 Rgg2 42. Rc8+ Kd7 43. Red8+ Ke7 44. Rh8 Rb2+ 45. Kc4
Kd7 46. Ra8 1-0

[Event "European Blitz Championship 2021"]
[Site "Katowice"]
[Date "2021.12.17"]
[Round "19"]
[White "Sadzikowski, Daniel"]
[Black "Niedbala, Bartlomiej"]
[Result "1-0"]
[WhiteElo "2525"]
[BlackElo "2179"]
[Annotator "ChessBase"]
[PlyCount "63"]
[EventDate "2021.12.17"]
[EventType "swiss"]
[EventCountry "POL"]
[SourceTitle "playchess.com"]
[Source "ChessBase"]
[SourceQuality "1"]

1. c4 c5 2. Nf3 Nc6 3. Nc3 g6 4. g3 Bg7 5. Bg2 e5 6. a3 a5 7. O-O d6 8. d3 Nge7
9. Ne1 Be6 10. Nd5 O-O 11. Nc2 h6 12. Rb1 a4 13. b4 axb3 14. Rxb3 Bxd5 15. cxd5
Na5 16. Rb1 Qd7 17. Bd2 Rfb8 18. e4 Qa4 19. Ne3 Qxd1 20. Rfxd1 b5 21. Bf1 h5
22. Rb2 Bh6 23. Rdb1 Bxe3 24. Bxe3 b4 25. axb4 cxb4 26. Rxb4 Rxb4 27. Rxb4 Kg7
28. Bb6 Nc8 29. Bc7 Ra7 30. Bb8 Ra8 31. Rb5 Kf8 32. Bc7 1-0

[Event "European Blitz Championship 2021"]
[Site "Katowice"]
[Date "2021.12.17"]
[Round "19"]
[White "Tazbir, Marcin"]
[Black "Szpar, Milosz"]
[Result "0-1"]
[WhiteElo "2508"]
[BlackElo "2285"]
[Annotator "ChessBase"]
[PlyCount "83"]
[EventDate "2021.12.17"]
[EventType "swiss"]
[EventCountry "POL"]
[SourceTitle "playchess.com"]
[Source "ChessBase"]
[SourceQuality "1"]

1. c4 e5 2. g3 Nc6 3. Bg2 f5 4. Nc3 Nf6 5. e3 d5 6. cxd5 Nb4 7. d3 Nfxd5 8.
Nxd5 Nxd5 9. Ne2 Nf6 10. Qb3 c6 11. Bd2 Bd6 12. Bb4 Bxb4+ 13. Qxb4 a5 14. Qc3
Qe7 15. O-O O-O 16. e4 fxe4 17. dxe4 Kh8 18. Rae1 Bg4 19. f4 Rfe8 20. h3 Bxe2
21. Rxe2 Qb4 22. Kh2 Rad8 23. Rc1 Rd4 24. a3 Qxc3 25. Rxc3 exf4 26. gxf4 Nd5
27. Rf3 h6 28. Rff2 Nb6 29. Rc2 a4 30. Rc5 Nc4 31. Re2 Nd6 32. e5 Nf5 33. Re4
Rd2 34. Kg1 Rxb2 35. Rxa4 Rd8 36. Rc1 Ng3 37. Re1 Rdd2 38. Bf3 Rd3 39. Bg2 Rdd2
40. Bf3 Rd3 41. Bg2 Rdd2 42. Bf3 0-1

[Event "European Blitz Championship 2021"]
[Site "Katowice"]
[Date "2021.12.17"]
[Round "19"]
[White "Pakleza, Zbigniew"]
[Black "Dragnev, Valentin"]
[Result "1/2-1/2"]
[WhiteElo "2496"]
[BlackElo "2548"]
[Annotator "ChessBase"]
[PlyCount "29"]
[EventDate "2021.12.17"]
[EventType "swiss"]
[EventCountry "POL"]
[SourceTitle "playchess.com"]
[Source "ChessBase"]
[SourceQuality "1"]

1. d4 Nf6 2. Nf3 d5 3. Bf4 c5 4. c3 e6 5. e3 Bd6 6. Bg3 Qc7 7. Ne5 Ne4 8. Bb5+
Nd7 9. Nxd7 Bxd7 10. Bxd7+ Qxd7 11. Nd2 Nxd2 12. Qxd2 O-O 13. O-O Rfe8 14. Rfd1
c4 15. Qe2 1/2-1/2

[Event "European Blitz Championship 2021"]
[Site "Katowice"]
[Date "2021.12.17"]
[Round "19"]
[White "Blohberger, Felix"]
[Black "Koziorowicz, Michal"]
[Result "1-0"]
[WhiteElo "2490"]
[BlackElo "2094"]
[Annotator "ChessBase"]
[PlyCount "131"]
[EventDate "2021.12.17"]
[EventType "swiss"]
[EventCountry "POL"]
[SourceTitle "playchess.com"]
[Source "ChessBase"]
[SourceQuality "1"]

1. d4 f5 2. Nf3 Nf6 3. Bf4 e6 4. e3 Be7 5. h3 O-O 6. Be2 d6 7. c4 Qe8 8. Nc3
Nc6 9. Bh2 Bd8 10. O-O Kh8 11. d5 exd5 12. Nxd5 Ne5 13. Rc1 Ne4 14. Qc2 b6 15.
Rfd1 Bb7 16. Nxe5 dxe5 17. Bf1 c6 18. Nc3 Nxc3 19. Qxc3 Bf6 20. c5 Qe7 21. b3
Rad8 22. cxb6 axb6 23. a4 h6 24. b4 Ra8 25. a5 bxa5 26. bxa5 Qc7 27. Ra1 Ba6
28. Qc5 Rfb8 29. Bxa6 Rxa6 30. Rdc1 Rba8 31. g4 fxg4 32. hxg4 Qd7 33. Qc4 Rxa5
34. Rxa5 Rxa5 35. Qe4 Rd5 36. Kg2 Qe6 37. Rb1 Rd8 38. Rb6 Qd5 39. Kf3 Qd1+ 40.
Kg2 Qd5 41. Kf3 Qxe4+ 42. Kxe4 Rc8 43. Rb4 Kg8 44. Rc4 Kf7 45. Bxe5 Re8 46. f4
Bxe5 47. fxe5 Re6 48. Kf5 g6+ 49. Kf4 Kg7 50. Ra4 Re7 51. Ke4 Kf7 52. Ra8 Rc7
53. Rh8 Kg7 54. Rd8 c5 55. Kd3 Kf7 56. Rd6 c4+ 57. Kc3 Rc8 58. Rf6+ Kg7 59. Rf4
Rc5 60. Rxc4 Rxe5 61. Kd4 Re8 62. e4 Kf6 63. Rc5 Rd8+ 64. Ke3 Rd6 65. e5+ Ke6
66. exd6 1-0

[Event "European Blitz Championship 2021"]
[Site "Katowice"]
[Date "2021.12.17"]
[Round "19"]
[White "Gretarsson, Helgi Ass"]
[Black "Warchol, Kamil"]
[Result "1-0"]
[WhiteElo "2476"]
[BlackElo "1706"]
[Annotator "ChessBase"]
[PlyCount "93"]
[EventDate "2021.12.17"]
[EventType "swiss"]
[EventCountry "POL"]
[SourceTitle "playchess.com"]
[Source "ChessBase"]
[SourceQuality "1"]

1. c4 e5 2. Nc3 Nf6 3. Nf3 d6 4. d4 exd4 5. Nxd4 h6 6. g3 Nc6 7. Nc2 Be7 8. Bg2
O-O 9. O-O Ne5 10. b3 c6 11. Ba3 Qc7 12. Qd2 Rd8 13. Rad1 Be6 14. e4 Qb6 15.
Kh1 Ng6 16. f4 Bg4 17. Rde1 Bf8 18. Ne3 Bd7 19. h3 Qc7 20. Rd1 Bc8 21. e5 Ne8
22. Ne4 d5 23. Bxf8 Nxf8 24. cxd5 cxd5 25. Nxd5 Qd7 26. Qb4 Qxd5 27. Rxd5 Rxd5
28. Nd6 Rd3 29. Nxe8 Ne6 30. Kh2 Nd4 31. Nd6 Be6 32. Rf2 Rd8 33. Be4 Rd1 34.
Rd2 Rxd2+ 35. Qxd2 Nb5 36. Bxb7 Nxd6 37. exd6 Kf8 38. Bc6 h5 39. Qd4 h4 40. g4
a5 41. f5 Bc8 42. d7 Bxd7 43. Bxd7 Ke7 44. Qe5+ Kxd7 45. Qxg7 Ke7 46. Qg5+ f6
47. Qg7+ 1-0

[Event "European Blitz Championship 2021"]
[Site "Katowice"]
[Date "2021.12.17"]
[Round "19"]
[White "Lubczynski, Rafal"]
[Black "Sanz Wawer, Daniel"]
[Result "1-0"]
[WhiteElo "2361"]
[BlackElo "2102"]
[Annotator "NA"]
[PlyCount "91"]
[EventDate "2021.12.17"]
[EventType "swiss"]
[EventCountry "POL"]
[SourceTitle "playchess.com"]
[Source "ChessBase"]
[SourceQuality "1"]

1. Nf3 d5 2. c4 e6 3. g3 Nf6 4. Bg2 Be7 5. O-O O-O 6. d4 b6 7. cxd5 exd5 8. Nc3
Bb7 9. Qc2 Nbd7 10. Nh4 Re8 11. Rd1 Bf8 12. Nf5 Rc8 13. Bf4 a6 14. Rac1 Re6 15.
Qb3 c6 16. Bh3 Nh5 17. Bd2 Re8 18. a4 g6 19. Nh4 Nhf6 20. Ng2 b5 21. axb5 axb5
22. e3 Ne4 23. Nxe4 Rxe4 24. Nf4 Ra8 25. Bb4 Nb6 26. Bxf8 Qxf8 27. Qc3 Nc4 28.
b3 Nb6 29. Bg2 Re7 30. Qc5 Qd8 31. Nd3 Nd7 32. Qb4 Re6 33. Bh3 f5 34. Nf4 Re8
35. Nd3 Re6 36. g4 fxg4 37. Bxg4 Qg5 38. h3 Re7 39. f4 Qh4 40. Qe1 Qf6 41. Ne5
h5 42. Bxd7 Rd8 43. Bxc6 Bxc6 44. Rxc6 Qf5 45. Qg3 Rg7 46. Rxg6 1-0

[Event "European Blitz Championship 2021"]
[Site "Katowice"]
[Date "2021.12.17"]
[Round "19"]
[White "Keinanen, Toivo"]
[Black "Sumets, Andrey"]
[Result "1-0"]
[WhiteElo "2358"]
[BlackElo "2527"]
[Annotator "ChessBase"]
[PlyCount "74"]
[EventDate "2021.12.17"]
[EventType "swiss"]
[EventCountry "POL"]
[SourceTitle "playchess.com"]
[Source "ChessBase"]
[SourceQuality "1"]

1. d4 d5 2. Nf3 Nf6 3. e3 e6 4. Bd3 c5 5. c3 Nc6 6. O-O Bd6 7. dxc5 Bxc5 8. b4
Bd6 9. Nbd2 O-O 10. Bb2 a5 11. b5 Ne5 12. Nxe5 Bxe5 13. Nf3 Bd6 14. c4 b6 15.
cxd5 Nxd5 16. Nd4 Bb7 17. Rc1 Qh4 18. g3 Qh3 19. Nc6 Bc5 20. Be4 Bxc6 21. bxc6
Rad8 22. Qf3 f5 23. Bxd5 Rxd5 24. Rcd1 Qg4 25. Qxg4 fxg4 26. Rxd5 exd5 27. Rd1
Rc8 28. Rxd5 Rxc6 29. Rd8+ Kf7 30. Rd7+ Ke8 31. Rxg7 h5 32. Rg5 Bb4 33. a3 Be1
34. Bd4 Rc2 35. Bxb6 Bxf2+ 36. Kf1 h4 37. Rxg4 hxg3 1-0

[Event "European Blitz Championship 2021"]
[Site "Katowice"]
[Date "2021.12.17"]
[Round "19"]
[White "Diermair, Andreas"]
[Black "Molenda, Marcin"]
[Result "1-0"]
[WhiteElo "2357"]
[BlackElo "2097"]
[Annotator "NA"]
[PlyCount "76"]
[EventDate "2021.12.17"]
[EventType "swiss"]
[EventCountry "POL"]
[SourceTitle "playchess.com"]
[Source "ChessBase"]
[SourceQuality "1"]

1. d4 Nf6 2. Nf3 g6 3. g3 Bg7 4. Bg2 O-O 5. O-O d6 6. b3 e5 7. dxe5 Ng4 8. Bg5
Qe8 9. Nc3 Nxe5 10. Nd5 Nxf3+ 11. Bxf3 Qe5 12. Qd2 Bh3 13. Nxc7 Bxf1 14. Rxf1
Nc6 15. Nxa8 Rxa8 16. Bf4 Qb2 17. c4 Qxd2 18. Bxd2 Re8 19. e3 Re7 20. Rd1 Kf8
21. Be1 Rd7 22. Kg2 Ke7 23. Bd5 Rc7 24. f4 a5 25. a3 b6 26. b4 Bb2 27. Rd3 Kf8
28. Rb3 Bf6 29. Kf3 Ne7 30. Ke4 Bg7 31. bxa5 f5+ 32. Kd3 Nxd5 33. axb6 Nxb6 34.
Rxb6 Ke7 35. Bb4 Rd7 36. a4 Ke6 37. c5 Bf8 38. cxd6 Kd5 1-0

[Event "European Blitz Championship 2021"]
[Site "Katowice"]
[Date "2021.12.17"]
[Round "19"]
[White "Szwed, Jacek"]
[Black "Semjonovs, Ilja"]
[Result "1-0"]
[WhiteElo "2346"]
[BlackElo "2095"]
[Annotator "NA"]
[PlyCount "57"]
[EventDate "2021.12.17"]
[EventType "swiss"]
[EventCountry "POL"]
[SourceTitle "playchess.com"]
[Source "ChessBase"]
[SourceQuality "1"]

1. e4 c5 2. Nf3 d6 3. d4 cxd4 4. Qxd4 Nc6 5. Bb5 Bd7 6. Bxc6 Bxc6 7. Nc3 Nf6 8.
Bg5 e6 9. O-O-O Be7 10. Rhe1 O-O 11. Kb1 Qb6 12. Qd2 Rac8 13. Nd4 Rfd8 14. f3
Qc7 15. g4 a6 16. Nce2 h6 17. Be3 Nh7 18. Ng3 b5 19. Nh5 Be8 20. h4 d5 21. e5
Qc4 22. g5 hxg5 23. hxg5 Bb4 24. c3 Be7 25. Rg1 Nf8 26. Nf6+ Bxf6 27. gxf6 Ng6
28. Rg4 Qc6 29. Nxc6 1-0

[Event "European Blitz Championship 2021"]
[Site "Katowice"]
[Date "2021.12.17"]
[Round "19"]
[White "Kosakowski, Jakub"]
[Black "Pultinevicius, Paulius"]
[Result "0-1"]
[WhiteElo "2340"]
[BlackElo "2546"]
[Annotator "ChessBase"]
[PlyCount "69"]
[EventDate "2021.12.17"]
[EventType "swiss"]
[EventCountry "POL"]
[SourceTitle "playchess.com"]
[Source "ChessBase"]
[SourceQuality "1"]

1. e4 c6 2. Nf3 d5 3. Nc3 dxe4 4. Nxe4 Nf6 5. Qe2 Nxe4 6. Qxe4 Be6 7. Bc4 Bxc4
8. Qxc4 Qd5 9. Qe2 c5 10. O-O Nc6 11. b3 e5 12. Bb2 f6 13. Rad1 Kf7 14. Nh4 Bd6
15. Nf5 Qe6 16. Qc4 Bf8 17. f4 Qxc4 18. bxc4 exf4 19. Rxf4 Nb4 20. a3 Nxc2 21.
Rc1 Nd4 22. Nxd4 cxd4 23. a4 Bd6 24. Re4 d3 25. Kf2 Rhe8 26. Kf3 Bxh2 27. Rxe8
Rxe8 28. g3 Re2 29. Bc3 h5 30. Rb1 b6 31. a5 g5 32. axb6 g4+ 33. Kf4 axb6 34.
Rxb6 Rf2+ 35. Ke4 0-1

[Event "European Blitz Championship 2021"]
[Site "Katowice"]
[Date "2021.12.17"]
[Round "19"]
[White "Brodowski, Piotr"]
[Black "Mirzoev, Emil"]
[Result "1-0"]
[WhiteElo "2335"]
[BlackElo "2474"]
[Annotator "ChessBase"]
[PlyCount "69"]
[EventDate "2021.12.17"]
[EventType "swiss"]
[EventCountry "POL"]
[SourceTitle "playchess.com"]
[Source "ChessBase"]
[SourceQuality "1"]

1. c4 Nf6 2. Nc3 g6 3. g3 Bg7 4. Bg2 O-O 5. Nf3 d6 6. O-O Nc6 7. d4 Bf5 8. h3
Ne4 9. Nd5 Bd7 10. Qd3 f5 11. Ng5 Nxd4 12. Nxe4 fxe4 13. Qxe4 e5 14. g4 c6 15.
Nc3 Qe7 16. Be3 Qf7 17. Qd3 Rad8 18. Ne4 Bc8 19. Rad1 d5 20. cxd5 cxd5 21. Ng5
Qe7 22. Bxd4 Qxg5 23. Be3 Qh4 24. Bxd5+ Kh8 25. Bc5 Rf4 26. Qe3 b6 27. Ba3 Re8
28. Bg2 Qf6 29. Rd6 Qf7 30. Rfd1 Qxa2 31. Rd8 Qf7 32. Bc6 Rg8 33. Bd5 Rxd8 34.
Bxf7 Rxd1+ 35. Kg2 1-0